Štatistická ročenka Slovenskej republiky 2015

Guardado en:
Detalles Bibliográficos
Autor Corporativo: Štatistický úrad Slovenskej republiky
Formato: Libro
Lenguaje:eslovaco
inglés
Publicado: Bratislava VEDA, vydavateľstvo Slovenskej akadémie vied 2015
Materias:
Etiquetas: Agregar Etiqueta
Sin Etiquetas, Sea el primero en etiquetar este registro!

MARC

LEADER 00000nam$a2200000$$$4500
001 0211228
005 20240104131129.4
020 |a 978-80-224-1482-1 
041 0 |a slo 
041 0 |a eng 
044 |a SK 
245 1 0 |a Štatistická ročenka Slovenskej republiky 2015 
264 1 |a Bratislava  |b VEDA, vydavateľstvo Slovenskej akadémie vied  |c 2015 
300 |a 681 s. 
500 |a Zdroj dokumentu: Štatistický úrad SR 
610 2 0 |a údaje štatistické 
610 2 0 |a informácie štatistické 
610 2 0 |a demografia 
610 2 0 |a informácie sociálne 
610 2 0 |a informácie ekonomické 
610 2 0 |a makroekonomika 
610 2 0 |a kriminalita 
610 2 0 |a súdnictvo 
610 2 0 |a nehody 
610 2 0 |a pohromy živelné 
610 2 0 |a štatistika medzinárodná 
610 2 0 |a údaje štatistické medzinárodné 
610 2 0 |a Slovensko 
710 2 |a Štatistický úrad Slovenskej republiky